They see for themselves : (Record no. 49807)
[ view plain ]
| 000 -LEADER | |
|---|---|
| fixed length control field | 01036nam a2200253 a 4500 |
| 001 - CONTROL NUMBER | |
| control field | 49807 |
| 003 - CONTROL NUMBER IDENTIFIER | |
| rucl marc code | BD-RjUL |
| 005 - DATE AND TIME OF LATEST TRANSACTION | |
| control field | 20211209054730.0 |
| 008 - FIXED-LENGTH DATA ELEMENTS--GENERAL INFORMATION | |
| fixed length control field | 160822s1945 nyu b 000 0 eng |
| 035 ## - SYSTEM CONTROL NUMBER | |
| System control number | (BD-RjUL)49927 |
| 040 ## - CATALOGING SOURCE | |
| Original cataloging agency | DLC |
| Transcribing agency | OAU |
| Modifying agency | OCoLC |
| -- | DLC |
| -- | BD-RjUL |
| Language of cataloging | eng |
| 041 ## - LANGUAGE CODE | |
| Language code of text/sound track or separate title | eng |
| 082 ## - DEWEY DECIMAL CLASSIFICATION NUMBER | |
| Classification number | 325.73 |
| Edition number | 23 |
| Author mark and year | BRT 1945 |
| 100 1# - MAIN ENTRY--PERSONAL NAME | |
| Personal name | Brown, Spencer, |
| Dates associated with a name | 1909- |
| 9 (RLIN) | 149292 |
| 245 10 - TITLE STATEMENT | |
| Title | They see for themselves : |
| Remainder of title | a documentary approach to intercultural education in the high school / |
| Statement of responsibility, etc. | by Spencer Brown |
| 260 ## - PUBLICATION, DISTRIBUTION, ETC. (IMPRINT) | |
| Place of publication, distribution, etc. | New York : |
| Name of publisher, distributor, etc. | Harper & Brothers, |
| Date of publication, distribution, etc. | 1945 |
| 300 ## - PHYSICAL DESCRIPTION | |
| Pagination | ix, 147 p. : |
| Size | 22 cm. |
| 490 0# - SERIES STATEMENT | |
| Series statement | Bureau for Intercultural Education. Publication series. Problems of race and culture in American education ... |
| Volume/sequential designation | III |
| 650 #0 - SUBJECT ADDED ENTRY--TOPICAL TERM | |
| Topical term or geographic name as entry element | Project method in teaching. |
| 9 (RLIN) | 149293 |
| Topical term or geographic name as entry element | College and school drama. |
| 9 (RLIN) | 149294 |
| 651 #0 - SUBJECT ADDED ENTRY--GEOGRAPHIC NAME | |
| Geographic name | United States |
| General subdivision | Race relations. |
| 9 (RLIN) | 128229 |
| 830 ## - SERIES ADDED ENTRY--UNIFORM TITLE | |
| Uniform title | Bureau for Intercultural Education. Publication series. Problems of race and culture in American education ... |
| Volume number/sequential designation | III |
| 942 ## - ADDED ENTRY ELEMENTS (KOHA) | |
| Source of classification or shelving scheme | Dewey Decimal Classification |
| Koha item type | Books |
| Lost status | Source of classification or shelving scheme | Damaged status | Not for loan | Collection code | Permanent Location | Current Location | Shelving location | Date acquired | Source of acquisition | Total Checkouts | Full call number | Date last seen | Copy number | Koha item type |
|---|---|---|---|---|---|---|---|---|---|---|---|---|---|---|
| Dewey Decimal Classification | Non-fiction | Central Library, University of Rajshahi | Central Library, University of Rajshahi | 12/02/1958 | U.S.I.S. Dacca | 325.73 BRT 1945 | 22/08/2016 | C-2 | Books |